[Event "Berlin-ch QT"]
[Site "Berlin"]
[Date "2019.04.25"]
[Round "6"]
[White "Steiner, Wolfram"]
[Black "Kuester, Manfred"]
[Result "1-0"]
[WhiteElo "1946"]
[BlackElo "1857"]
[PlyCount "73"]
[EventDate "2019.04.20"]
[EventType "swiss"]
[EventRounds "9"]
[EventCountry "GER"]
[SourceTitle "EXT 2020"]
[Source "ChessBase"]
[SourceDate "2019.10.17"]
[SourceVersion "1"]
[SourceVersionDate "2019.10.17"]
[SourceQuality "1"]

1. Nf3 Nf6 2. g3 g6 3. Bg2 Bg7 4. 0-0 0-0 5. d4 d6 6. c4 c6 7. Nc3 Nbd7 8. e4 e5 9. dxe5 dxe5 10. Qc2 Qc7 11. h3 Nc5 12. Be3 Ne6 13. Rad1 b6 14. b3 Ba6 15. Ng5 Nxg5 16. Bxg5 Rad8 17. Rxd8 Rxd8 18. Rd1 h6 19. Be3 Bc8 20. Rxd8+ Qxd8 21. Qd2 Qxd2 22. Bxd2 Be6 23. Be3 g5 24. Kf1 Nd7 25. Ke2 Bf8 26. Na4 f6 27. Kd3 Bd6 28. Kc3 b5 29. cxb5 cxb5 30. Nb2 a6 31. Bf1 f5 32. exf5 Bxf5 33. Nd3 e4 34. Nb4 a5 35. Nc6 b4+ 36. Kd4 Bc7 37. Ne7+ 1-0

[Event "Berlin Eckbauer op 21st"]
[Site "Berlin"]
[Date "2018.11.12"]
[Round "5"]
[White "Kuester, Manfred"]
[Black "Boehne, Sebastian"]
[Result "1/2-1/2"]
[WhiteElo "1857"]
[BlackElo "1970"]
[PlyCount "127"]
[EventDate "2018.10.08"]
[EventType "swiss"]
[EventRounds "7"]
[EventCountry "GER"]
[SourceTitle "CBM 189 Extra"]
[Source "ChessBase"]
[SourceDate "2019.06.03"]
[SourceVersion "1"]
[SourceVersionDate "2019.06.03"]
[SourceQuality "1"]

1. d4 d5 2. Nf3 Nf6 3. e3 c5 4. b3 cxd4 5. exd4 Bg4 6. Bd3 e6 7. 0-0 Nc6 8. Bb2 Bd6 9. Nbd2 0-0 10. c3 Qc7 11. h3 Bh5 12. Qc2 Bg6 13. Bxg6 hxg6 14. Rac1 Nh5 15. Rfe1 Nf4 16. Nf1 Rfc8 17. Qd2 b5 18. Ng3 f6 19. a3 Kf7 20. c4 dxc4 21. bxc4 bxc4 22. Rxc4 Qd7 23. Ne4 Nd5 24. Nc5 Bxc5 25. dxc5 Rab8 26. Rce4 Re8 27. Rg4 Qb7 28. Ba1 Qb3 29. Rg3 Qc4 30. Rc1 Qf4 31. Qc2 Qf5 32. Qa4 Qf4 33. Qc2 Qf5 34. Qa4 Qf4 35. Rc4 Qc7 36. Qc2 Nce7 37. Nd4 Nf5 38. Nxf5 gxf5 39. Bd4 Qc6 40. Qa4 Qxa4 41. Rxa4 Re7 42. c6 Rc8 43. Bc5 Rec7 44. Bd6 Rxc6 45. Rxa7+ Nc7 46. Bxc7 R6xc7 47. Rxc7+ Rxc7 48. Rb3 Ra7 49. Kf1 f4 50. Ke2 e5 51. Kd3 Ke6 52. Kc3 Kd5 53. Kb2 e4 54. Rb5+ Ke6 55. Rb6+ Ke5 56. Rb3 Kd4 57. Kc2 Re7 58. Kd2 f5 59. Rb4+ Kc5 60. Ke2 Ra7 61. Rb3 Kc4 62. Rb4+ Kc5 63. Rb3 Kc4 64. Rb4+ 1/2-1/2

[Event "Berlin Eckbauer op 21st"]
[Site "Berlin"]
[Date "2018.11.05"]
[Round "4"]
[White "Kuester, Manfred"]
[Black "Landt, Stefan"]
[Result "1-0"]
[WhiteElo "1857"]
[BlackElo "1901"]
[PlyCount "109"]
[EventDate "2018.10.08"]
[EventType "swiss"]
[EventRounds "7"]
[EventCountry "GER"]
[SourceTitle "CBM 189 Extra"]
[Source "ChessBase"]
[SourceDate "2019.06.03"]
[SourceVersion "1"]
[SourceVersionDate "2019.06.03"]
[SourceQuality "1"]

1. f4 d5 2. Nf3 Nf6 3. b3 c5 4. Bb2 Nc6 5. e3 b6 6. Bb5 Bb7 7. 0-0 e6 8. d3 Bd6 9. Nbd2 a6 10. Bxc6+ Bxc6 11. Ne5 Bb7 12. Ndf3 0-0 13. g4 Nd7 14. g5 d4 15. exd4 cxd4 16. Bxd4 Nxe5 17. Bxe5 Bxf3 18. Qxf3 Bxe5 19. fxe5 Qxg5+ 20. Qg3 Qxg3+ 21. hxg3 Rac8 22. c4 Rfd8 23. Rf3 Rc5 24. Re1 Ra5 25. Re2 b5 26. Kf2 bxc4 27. dxc4 Rd1 28. Rc3 Kf8 29. b4 Ra4 30. a3 Ke7 31. Ree3 a5 32. b5 Rd4 33. c5 Kd8 34. b6 Rac4 35. c6 Rd2+ 36. Kf3 Rxc3 37. Rxc3 Rb2 38. b7 Kc7 39. Ke4 a4 40. Kd4 Rd2+ 41. Kc4 Rb2 42. Kc5 Rb6 43. Kd4 Rb1 44. Rc4 Rd1+ 45. Kc3 h5 46. Kb4 g5 47. Kxa4 Rd8 48. Kb5 Rd5+ 49. Kb4 Rd8 50. a4 Rh8 51. a5 h4 52. gxh4 gxh4 53. a6 h3 54. a7 h2 55. b8Q+ 1-0

[Event "Berlin-ch QT"]
[Site "Berlin"]
[Date "2018.04.02"]
[Round "3"]
[White "Kuester, Manfred"]
[Black "Shpati, Ted"]
[Result "0-1"]
[WhiteElo "1878"]
[BlackElo "2081"]
[PlyCount "54"]
[EventDate "2018.03.31"]
[EventType "swiss"]
[EventRounds "9"]
[EventCountry "GER"]
[SourceTitle "EXT 2020"]
[Source "ChessBase"]
[SourceDate "2019.10.17"]
[SourceVersion "1"]
[SourceVersionDate "2019.10.17"]
[SourceQuality "1"]

1. d4 Nf6 2. c4 e6 3. Nc3 d5 4. Bg5 Be7 5. cxd5 exd5 6. e3 c6 7. Qc2 0-0 8. Bd3 h6 9. h4 Re8 10. Nf3 Nbd7 11. 0-0-0 Nf8 12. Ne5 Ng4 13. Nxg4 Bxg4 14. f3 hxg5 15. hxg5 g6 16. fxg4 Bxg5 17. Kb1 Rxe3 18. g3 Bf6 19. Ne2 Bg7 20. Rdf1 Qd6 21. Rf2 Rae8 22. Rhf1 R8e7 23. Qd2 Qe6 24. g5 Qg4 25. Nf4 Qxg5 26. Rf3 Rxf3 27. Rxf3 Ne6 0-1

[Event "Berlin-ch QT"]
[Site "Berlin"]
[Date "2017.04.16"]
[Round "8"]
[White "Kuester, Manfred"]
[Black "Huels, Marco"]
[Result "0-1"]
[WhiteElo "1901"]
[BlackElo "1977"]
[PlyCount "164"]
[EventDate "2017.04.09"]
[EventType "swiss"]
[EventRounds "9"]
[EventCountry "GER"]
[SourceTitle "CBM 189 Extra"]
[Source "ChessBase"]
[SourceDate "2019.06.03"]
[SourceVersion "1"]
[SourceVersionDate "2019.06.03"]
[SourceQuality "1"]

1. Nf3 d5 2. g3 c5 3. Bg2 Nc6 4. d4 cxd4 5. Nxd4 e5 6. Nxc6 bxc6 7. c4 Bb4+ 8. Kf1 Be6 9. Qa4 Qd6 10. a3 Bc5 11. b4 Bd4 12. Ra2 Qd7 13. e3 Bb6 14. Nc3 Ne7 15. Rd2 d4 16. c5 Bc4+ 17. Kg1 Bc7 18. exd4 exd4 19. h4 0-0 20. Kh2 Qg4 21. Ne4 Rfd8 22. Qd1 Qxd1 23. Rhxd1 Bb3 24. Re1 Nf5 25. Kg1 Rab8 26. Ng5 h6 27. Nf3 d3 28. Bb2 g6 29. g4 Ng7 30. Nd4 Bc4 31. Bxc6 Bf4 32. Re3 a6 33. Bc3 Ne6 34. Nxe6 Bxe6 35. Bf3 Bxe3 36. fxe3 Bd5 37. Bxd5 Rxd5 38. Bd4 a5 39. Rxd3 axb4 40. Rb3 Kf8 41. axb4 Rb5 42. Kf2 Ke7 43. Kf3 Rd7 44. Ke4 Rdb7 45. Bc3 Rxc5 46. Bd4 Rcb5 47. Kd3 f5 48. gxf5 Rxf5 49. Rc3 Rxb4 50. Rc6 Kf7 51. Rc7+ Ke8 52. Rg7 g5 53. hxg5 Rxg5 54. Rh7 h5 55. Ke4 Rbb5 56. Kd3 Rb4 57. Ke4 Rbb5 58. Kd3 Rg4 59. Bf6 Rd5+ 60. Ke2 Kf8 61. Bd4 Kg8 62. Ra7 Rf5 63. Ra8+ Kf7 64. Rh8 Kg6 65. Rg8+ Kh6 66. Rh8+ Kg5 67. Bb6 Kh4 68. Bc7 Kh3 69. Bf4 Kg2 70. Rb8 Rg6 71. Rh8 Rb5 72. Rh7 Rg4 73. Rh8 h4 74. Rh7 h3 75. Rh8 Rb7 76. Rh5 Rb2+ 77. Kd3 Rb1 78. Ke4 Rg8 79. Rh7 Rb4+ 80. Kf5 Rb5+ 81. Ke6 Rg4 82. Bd6 Re4+ 0-1

[Event "Berlin Eckbauer op 18th"]
[Site "Berlin"]
[Date "2015.10.12"]
[Round "2"]
[White "Kuester, Manfred"]
[Black "Gebigke, Martin"]
[Result "0-1"]
[WhiteElo "1901"]
[BlackElo "2128"]
[PlyCount "50"]
[EventDate "2015.10.05"]
[EventType "swiss"]
[EventRounds "7"]
[EventCountry "GER"]
[SourceTitle "EXT 2022"]
[Source "ChessBase"]
[SourceDate "2021.10.06"]
[SourceVersion "1"]
[SourceVersionDate "2021.10.06"]
[SourceQuality "1"]

1. d4 Nf6 2. Nf3 e6 3. c4 b6 4. g3 Ba6 5. b3 Bb4+ 6. Bd2 Be7 7. Nc3 d5 8. Bg2 c6 9. Ne5 Nfd7 10. cxd5 Nxe5 11. dxe5 cxd5 12. 0-0 Nc6 13. f4 Rc8 14. a4 Nd4 15. Nb5 Bxb5 16. axb5 Nxb5 17. f5 exf5 18. Rxf5 0-0 19. Ra4 a5 20. Rg4 Rc6 21. Bg5 Qc8 22. Qxd5 Qxf5 23. Qxc6 Bc5+ 24. e3 Qxg4 25. Qxb5 Qxg5 0-1

[Event "Berlin Eckbauer op 17th"]
[Site "Berlin"]
[Date "2014.11.17"]
[Round "6"]
[White "Kostyuchenko, Dmitry"]
[Black "Kuester, Manfred"]
[Result "0-1"]
[WhiteElo "2007"]
[BlackElo "1901"]
[PlyCount "74"]
[EventDate "2014.10.06"]
[EventType "swiss"]
[EventRounds "7"]
[EventCountry "GER"]
[SourceTitle "EXT 2022"]
[Source "ChessBase"]
[SourceDate "2021.10.06"]
[SourceVersion "1"]
[SourceVersionDate "2021.10.06"]
[SourceQuality "1"]

1. d4 f5 2. g3 Nf6 3. Bg2 g6 4. Nh3 Bg7 5. 0-0 0-0 6. c3 c6 7. Nd2 d5 8. Nf3 Ne4 9. Nf4 Qe8 10. Nd3 Nd7 11. Bf4 h6 12. h4 a5 13. Qc1 Kh7 14. Nfe5 e6 15. f3 Nef6 16. g4 Nxe5 17. dxe5 Nd7 18. g5 h5 19. e4 b6 20. exf5 Rxf5 21. Bh3 Rf7 22. Qe3 Ba6 23. Bg3 Bxd3 24. Qxd3 Qe7 25. Qe2 a4 26. Rae1 Ra5 27. f4 Nc5 28. f5 Rxf5 29. Bxf5 exf5 30. Bf2 Ne4 31. Bxb6 Ra8 32. Bf2 Bxe5 33. c4 Bc7 34. Bd4 c5 35. Bf6 Qd6 36. cxd5 Rb8 37. Rxf5 Qg3+ 0-1

[Event "Berlin Eckbauer op 17th"]
[Site "Berlin"]
[Date "2014.11.10"]
[Round "5"]
[White "Kuester, Manfred"]
[Black "Boehne, Sebastian"]
[Result "1-0"]
[WhiteElo "1901"]
[BlackElo "1916"]
[PlyCount "49"]
[EventDate "2014.10.06"]
[EventType "swiss"]
[EventRounds "7"]
[EventCountry "GER"]
[SourceTitle "EXT 2022"]
[Source "ChessBase"]
[SourceDate "2021.10.06"]
[SourceVersion "1"]
[SourceVersionDate "2021.10.06"]
[SourceQuality "1"]

1. d4 Nf6 2. c4 e6 3. Nc3 Bb4 4. f3 d5 5. a3 Bxc3+ 6. bxc3 c5 7. cxd5 exd5 8. e3 0-0 9. Bd3 Nc6 10. Ne2 Re8 11. 0-0 c4 12. Bb1 Bd7 13. Ng3 Na5 14. e4 Nb3 15. Ra2 Ba4 16. e5 Nxc1 17. Qxc1 Nd7 18. Nf5 b5 19. f4 Nb6 20. Rf3 Nc8 21. Rh3 Re6 22. Nxg7 Kxg7 23. Rxh7+ Kg8 24. f5 Kxh7 25. f6+ 1-0

[Event "Berlin-ch QT"]
[Site "Berlin"]
[Date "2014.04.20"]
[Round "2"]
[White "Wischhoefer, Cord"]
[Black "Kuester, Manfred"]
[Result "1/2-1/2"]
[WhiteElo "2193"]
[BlackElo "1890"]
[PlyCount "37"]
[EventDate "2014.04.19"]
[EventType "swiss"]
[EventRounds "9"]
[EventCountry "GER"]
[SourceTitle "EXT 2022"]
[Source "ChessBase"]
[SourceDate "2021.10.06"]
[SourceVersion "1"]
[SourceVersionDate "2021.10.06"]
[SourceQuality "1"]

1. Nf3 Nc6 2. c4 f5 3. d4 d6 4. d5 Ne5 5. Nxe5 dxe5 6. Nc3 Nf6 7. g3 e6 8. Bg2 exd5 9. cxd5 Bd6 10. Qb3 0-0 11. Bd2 a6 12. 0-0-0 Qe7 13. Kb1 b5 14. Bg5 h6 15. Bxf6 Qxf6 16. Rhf1 Bd7 17. e3 Rfb8 18. f4 e4 19. g4 1/2-1/2

[Event "Berlin-ch QT"]
[Site "Berlin"]
[Date "2013.04.04"]
[Round "6"]
[White "Kuester, Manfred"]
[Black "Lassan, Christian"]
[Result "0-1"]
[WhiteElo "1908"]
[BlackElo "2077"]
[PlyCount "78"]
[EventDate "2013.03.30"]
[EventType "swiss"]
[EventRounds "9"]
[EventCountry "GER"]
[SourceTitle "EXT 2023"]
[Source "ChessBase"]
[SourceDate "2022.10.05"]
[SourceVersion "1"]
[SourceVersionDate "2022.10.05"]
[SourceQuality "1"]

1. d4 e6 2. c4 f5 3. e4 fxe4 4. Nc3 Nf6 5. Bg5 b6 6. f3 exf3 7. Nxf3 Be7 8. Qc2 Nc6 9. 0-0-0 Ng4 10. h4 Bb7 11. d5 Nb4 12. Qe2 e5 13. a3 Na6 14. Ne4 d6 15. Nd4 exd4 16. Qxg4 Bc8 17. Qh5+ g6 18. Qe2 0-0 19. Rxd4 Bf5 20. Bxe7 Qxe7 21. g4 Qe5 22. gxf5 Qxd4 23. fxg6 h6 24. Bh3 Rae8 25. Be6+ Kg7 26. Kb1 Nc5 27. Nxc5 bxc5 28. Rf1 Rxf1+ 29. Qxf1 Rf8 30. Bf7 Rb8 31. Qe2 Rb3 32. Ka2 Re3 33. Qc2 Re4 34. Kb3 Rxh4 35. Ka4 Qxc4+ 36. Qxc4 Rxc4+ 37. Kb5 Rc2 38. b3 Rc3 39. Ka4 h5 0-1

[Event "Berlin-ch qualification"]
[Site "Berlin-Lichtenrade"]
[Date "2012.04.13"]
[Round "8.9"]
[White "Hintze, Peter"]
[Black "Kuester, Manfred"]
[Result "1-0"]
[WhiteElo "2067"]
[BlackElo "1957"]
[PlyCount "69"]
[EventDate "2012.04.08"]
[EventType "swiss"]
[EventRounds "9"]
[EventCountry "GER"]
[SourceTitle "EXT 2022"]
[Source "ChessBase"]
[SourceDate "2021.10.06"]
[SourceVersion "1"]
[SourceVersionDate "2021.10.06"]
[SourceQuality "1"]

1. e4 Nc6 2. Nc3 e5 3. Bc4 Nf6 4. Nf3 Be7 5. 0-0 0-0 6. d4 d6 7. dxe5 Nxe5 8. Nxe5 dxe5 9. Qe2 c6 10. Bb3 b5 11. a4 b4 12. Nd1 a5 13. Bg5 Ba6 14. Bc4 Bxc4 15. Qxc4 Qd4 16. Ne3 h6 17. Bxf6 Bxf6 18. b3 Qb6 19. Rad1 Rad8 20. Ng4 Rxd1 21. Rxd1 Rd8 22. Nxf6+ gxf6 23. Rd3 Rd4 24. Rxd4 Qxd4 25. Qxd4 exd4 26. Kf1 Kf8 27. Ke2 Ke7 28. Kd3 c5 29. Kc4 Kd6 30. f4 Kc6 31. g4 Kd6 32. Kb5 f5 33. gxf5 f6 34. Kc4 h5 35. h4 1-0

[Event "Berlin Eckbauer op 14th"]
[Site "Berlin"]
[Date "2011.11.28"]
[Round "7.8"]
[White "Kuester, Manfred"]
[Black "Batzaya, Ayush"]
[Result "1-0"]
[WhiteElo "1957"]
[BlackElo "1936"]
[PlyCount "79"]
[EventDate "2011.10.17"]
[EventType "swiss"]
[EventRounds "7"]
[EventCountry "GER"]
[SourceTitle "EXT 2022"]
[Source "ChessBase"]
[SourceDate "2021.10.06"]
[SourceVersion "1"]
[SourceVersionDate "2021.10.06"]
[SourceQuality "1"]

1. d4 Nf6 2. c4 c5 3. d5 b5 4. cxb5 a6 5. bxa6 Bxa6 6. Nc3 d6 7. f4 g6 8. Nf3 Bg7 9. e4 Bxf1 10. Rxf1 Qa5 11. Qe2 Nxe4 12. Qxe4 Bxc3+ 13. bxc3 Qxc3+ 14. Kf2 Qxa1 15. Kg1 Qxa2 16. Re1 Ra7 17. f5 Qa4 18. Qe2 0-0 19. fxg6 hxg6 20. Bh6 Qg4 21. Qb2 f6 22. Bxf8 Nd7 23. Bh6 Kh7 24. Be3 Ra4 25. Bf2 Ne5 26. Nxe5 fxe5 27. Qb7 Qg5 28. Be3 Qh4 29. Rf1 Rg4 30. Qb2 Re4 31. Bf2 Qg4 32. Qb7 Qg5 33. Qd7 Rf4 34. Qh3+ Kg7 35. Be3 Rxf1+ 36. Kxf1 Qf6+ 37. Qf3 Qh4 38. h3 Qc4+ 39. Kf2 Qb3 40. Bh6+ 1-0

[Event "Zehlendorf op"]
[Site "Berlin"]
[Date "2010.05.06"]
[Round "1"]
[White "Kuester, Manfred"]
[Black "Wuttke, Rudolf"]
[Result "1-0"]
[WhiteElo "1973"]
[BlackElo "1649"]
[PlyCount "75"]
[EventDate "2010.05.06"]
[EventType "swiss"]
[EventRounds "7"]
[EventCountry "GER"]
[SourceTitle "EXT 2022"]
[Source "ChessBase"]
[SourceDate "2021.10.06"]
[SourceVersion "1"]
[SourceVersionDate "2021.10.06"]
[SourceQuality "1"]

1. d4 Nf6 2. c4 e6 3. Nc3 Bb4 4. f3 d5 5. a3 Bxc3+ 6. bxc3 c6 7. Bg5 Qa5 8. Qc2 Nbd7 9. Nh3 h6 10. Bh4 a6 11. Nf2 0-0 12. e4 dxe4 13. Nxe4 Nxe4 14. fxe4 Re8 15. Be2 c5 16. 0-0 e5 17. Bh5 Rf8 18. Be7 cxd4 19. Bxf8 Nf6 20. Bb4 Qc7 21. Rxf6 gxf6 22. cxd4 a5 23. Bd2 exd4 24. Qd3 Qe5 25. Qg3+ Qxg3 26. hxg3 Be6 27. c5 Rc8 28. Rc1 a4 29. Bxh6 Bb3 30. Kf2 Re8 31. Bf3 d3 32. Ke3 Bc2 33. Kd2 Re5 34. Be3 Re6 35. Rh1 Kg7 36. Rh5 Re5 37. Rxe5 fxe5 38. Bg4 1-0

[Event "Berlin Hellersdorf op"]
[Site "Berlin"]
[Date "2010.01.10"]
[Round "5"]
[White "Kuester, Manfred"]
[Black "Ostwald, Tobias"]
[Result "1-0"]
[WhiteElo "1884"]
[BlackElo "1606"]
[PlyCount "85"]
[EventDate "2010.01.08"]
[EventType "swiss"]
[EventRounds "5"]
[EventCountry "GER"]
[SourceTitle "EXT 2012"]
[Source "ChessBase"]
[SourceDate "2011.11.24"]
[SourceVersion "1"]
[SourceVersionDate "2011.11.24"]
[SourceQuality "1"]

1. d4 d5 2. c4 e6 3. Nc3 f5 4. Nf3 Nf6 5. e3 c6 6. cxd5 exd5 7. Bd3 Bd6 8. Ne5 Be6 9. 0-0 0-0 10. f4 Nbd7 11. Qc2 Ne4 12. Bxe4 dxe4 13. a3 Nf6 14. b4 Rc8 15. Bd2 a5 16. Na4 axb4 17. Bxb4 Nd5 18. Bd2 Qe7 19. Nc5 Bxc5 20. Qxc5 Qxc5 21. dxc5 Rfd8 22. Bc1 Nc7 23. Bb2 Rd5 24. Bd4 Nb5 25. Rfb1 Rcd8 26. a4 Nxd4 27. exd4 Bc8 28. a5 Re8 29. Rb4 h6 30. Kf2 g5 31. g3 Re6 32. Ke3 Rf6 33. Rab1 Rd8 34. Nc4 gxf4+ 35. gxf4 Rg6 36. R4b2 Kf7 37. Ne5+ Kf6 38. Nxg6 Kxg6 39. a6 bxa6 40. Rb8 Kf7 41. R1b7+ Bxb7 42. Rxd8 Ke7 43. Rb8 1-0

[Event "Berlin Lichtenberger op 8th"]
[Site "Berlin"]
[Date "2009.08.20"]
[Round "6"]
[White "Kuester, Manfred"]
[Black "Elsing, Jan"]
[Result "1-0"]
[WhiteElo "1903"]
[BlackElo "2151"]
[PlyCount "33"]
[EventDate "2009.08.15"]
[EventType "swiss"]
[EventRounds "9"]
[EventCountry "GER"]
[SourceTitle "CBM 131 Extra"]
[Source "ChessBase"]
[SourceDate "2009.09.03"]
[SourceVersion "2"]
[SourceVersionDate "2009.09.16"]
[SourceQuality "1"]

1. d4 d5 2. c4 c6 3. Nc3 Nf6 4. Nf3 dxc4 5. g3 b5 6. Bg2 b4 7. Na4 Be6 8. Ng5 Bd5 9. e4 h6 10. exd5 hxg5 11. dxc6 Nd5 12. c7 Nxc7 13. Bxa8 Nxa8 14. Qf3 Nc7 15. Bxg5 Qd5 16. Qxd5 Nxd5 17. Rc1 1-0

[Event "Berlin Lichtenberger op 8th"]
[Site "Berlin"]
[Date "2009.08.16"]
[Round "2"]
[White "Kuester, Manfred"]
[Black "Koischwitz, Wanja"]
[Result "1-0"]
[WhiteElo "1903"]
[BlackElo "1720"]
[PlyCount "93"]
[EventDate "2009.08.15"]
[EventType "swiss"]
[EventRounds "9"]
[EventCountry "GER"]
[SourceTitle "CBM 131 Extra"]
[Source "ChessBase"]
[SourceDate "2009.09.03"]
[SourceVersion "2"]
[SourceVersionDate "2009.09.16"]
[SourceQuality "1"]

1. d4 d5 2. c4 c6 3. Nc3 e6 4. e4 dxe4 5. Nxe4 Nf6 6. Nxf6+ Qxf6 7. Nf3 Bb4+ 8. Bd2 Bxd2+ 9. Qxd2 0-0 10. 0-0-0 Rd8 11. Bd3 h6 12. Ne5 c5 13. dxc5 Kf8 14. Ng4 Qd4 15. f4 Nc6 16. Qe3 h5 17. Qxd4 Rxd4 18. Ne5 Rxf4 19. Nxc6 bxc6 20. Be2 g6 21. b3 Rf2 22. Bf3 Rxa2 23. Kb1 Rf2 24. Bxc6 Rb8 25. Bb5 a6 26. Ba4 e5 27. c6 Bf5+ 28. Ka1 Rc8 29. Rhg1 Be4 30. Rd6 Ke7 31. Rgd1 Bxg2 32. Rd7+ Kf6 33. R1d6+ Kg5 34. Rd8 Rc7 35. R8d7 Rc8 36. c7 Rf6 37. c5 Rf2 38. Re7 f6 39. Rd8 Bh3 40. Rxc8 Bxc8 41. Bd7 Rc2 42. Bxc8 Rxc5 43. Bxa6 f5 44. c8Q Rxc8 45. Bxc8 e4 46. b4 f4 47. Re5+ 1-0